Das Universitätsarchiv [Basel]
| Titel: | Das Universitätsarchiv [Basel] : vom Szepter zu Computerdateien |
|---|---|
| Verfasser: | |
| In: |
Universität Basel: Uni nova, Band 114 (2010), Seite 34-36 alle Artikel anzeigen |
| Veröffentlicht: | 2010 |
| Format: | Aufsatz |
| Sprache: | Deutsch |
X
alg: 44203260 001A $03036:30-01-19 001B $01999:01-02-19 $t12:55:51.000 001D $03036:30-01-19 001U $0utf8 001X $00 002@ $0Oox 003@ $0442032609 007A $0442032609 $aHEB 007T $0ArchMa21266 009Q $uhttp://www.unibas.ch/index.cfm?DCCA997A3005C8DEA30216D24A1E47DA $xH 010@ $ager 011@ $a2010 021A $aDas @Universitätsarchiv [Basel] $dvom Szepter zu Computerdateien 028A $aWichers $dHermann 031A $d114 $h34-36 $j2010 039B $aIn $8--Obvc--Universität Basel [Tb1]. Uni nova. - Basel : Univ., 1999-. - Online-Ressource. - ISSN 1661-3155 $x201000001140000966 $9128296887 lok: 44203260 105 exp: 44203260 105 1 #EPN 201B/01 $030-01-19 $t15:39:23.000 201C/01 $030-01-19 201U/01 $0utf8 203@/01 $01042416524 208@/01 $a13-12-18 $be 209A/01 $a/ $f106 $x00 245Z/01 $a2.15.07. $bArchivwissenschaft und Archivtheorie / Archivbereiche / Universitäts- und Hochschularchive, Archive wissenschaftlicher Institutionen $x01 245Z/01 $a4.12.02. $bArchivwesen Europas / Schweiz, Liechtenstein / Archive und Archivbestände $x02 247C/01 $8->Marburg, Bibliographie zum Archivwesen der Archivschule Marburg $939588196X
| LEADER | 00000caa a22000002c 4500 | ||
|---|---|---|---|
| 001 | 442032609 | ||
| 003 | DE-603 | ||
| 005 | 20190201125551.0 | ||
| 007 | cr|||||||||||| | ||
| 008 | 190130s2010 xx |||| o| u00||u|ger c | ||
| 035 | |a (DE-599)HEB442032609 | ||
| 040 | |a DE-603 |b ger |c DE-603 |d DE-603 | ||
| 041 | |a ger | ||
| 100 | 1 | |a Wichers, Hermann | |
| 245 | 0 | 0 | |a Das Universitätsarchiv [Basel] |b vom Szepter zu Computerdateien |
| 264 | 0 | |c 2010 | |
| 773 | 0 | 8 | |i In |a Universität Basel |t Uni nova |d Basel : Univ., 1999- |h Online-Ressource |x 1661-3155 |g Band 114 (2010), Seite 34-36 |w (DE-603)128296887 |w (DE-600)2186569-3 |
| 856 | |u http://www.unibas.ch/index.cfm?DCCA997A3005C8DEA30216D24A1E47DA |x Verlag | ||
| 924 | 1 | |9 - |a (DE-603)1042416524 |b DE- |c HES |d d |g / | |